00371nam a22001217a 450000500170000000800410001704100080005808200080006610000540007424500840012826000290021230000080024120240812171414.0240812b |||||||| |||| 00| 0 eng d aeng bLIM aLimaye himani- 2K221106 & Dr. Ganesh Lotke-Guide  aVendor Analysis, Evaluation and rating of Selected Vendors at Slimline Hydrotek aPune bSPPU cMarch-2024 a61p